| 000 | 01142nam a22001937a 4500 | ||
|---|---|---|---|
| 003 | OSt | ||
| 005 | 20251120161042.0 | ||
| 008 | 251120b |||||||| |||| 00| 0 eng d | ||
| 040 | _cDCL | ||
| 082 | _a၂၉၄.၃၈၂၃၃၂ | ||
| 130 |
_aတိပိဋက။ _pသုတ္တန္တပိဋက။ _pသံယုတ္တနိကာယ။ _tခန္ဓဝဂ္ဂသံယုတ္တ၊ _lအဋ္ဌကထာ၊ _sနိဿယ။ |
||
| 245 |
_aသံယုတ္တ အဋ္ဌကထာနိဿယ၊ _nတတိယတွဲ ၊ _bခန္ဓဝဂ္ဂသံယုတ်အဋ္ဌကထာနိဿယ / _cဘဒ္ဒန္တဇာဂရမထေရ်။ |
||
| 250 | _aဒုတိယအကြိမ်။ | ||
| 264 |
_aရန်ကုန် ၊ _bသာသနာရေးဦးစီး၊ _c၂၀၀၅။ |
||
| 300 |
_aယ၊ ၃၀၂ စာမျက်နှာ ၊ _c၂၅ စင်တီ။ |
||
| 650 |
_aခန္ဓဝဂ္ဂသံယုတ္တ _vအဋ္ဌကထာ နိဿယ။ |
||
| 700 | _aဇာဂရမထေရ်၊ ဘဒ္ဒန္တ | ||
| 942 |
_2ddc _cSHORT TERM _n0 |
||
| 999 |
_c2551 _d2551 |
||